00441 a2200169 450000100060000002000150000604000220002110000260004324000250006924500200009430000070011436200090012165000110013094200070014195201060014899900170025459372 a8512008954 cAnchieta - Pituba aCunha, Eliel Silveira10aBrasil 500 anoslpor10aBrasil 500 anos a630 a2000 4aBrasil cBK 00104070a91.1b91.1d2023-11-21l0o981 B823b BRAp10465/PITr2023-11-21 18:27:19w2023-11-21yBK c59372d59372